[Event "Lignano Bella Italia op 2nd"]
[Site "Lignano Sabbiadoro"]
[Date "2023.08.22"]
[Round "8"]
[White "Andreev, Konstantin1111"]
[Black "Musso, Alessio"]
[Result "1-0"]
[WhiteElo "2151"]
[BlackElo "2176"]
[PlyCount "61"]
[EventDate "2023.08.17"]
[EventType "swiss"]
[EventRounds "9"]
[EventCountry "ITA"]
[SourceTitle "EXT 2024"]
[Source "ChessBase"]
[SourceDate "2023.10.10"]
[SourceVersion "1"]
[SourceVersionDate "2023.10.10"]
[SourceQuality "1"]

1. e4 c5 2. Nf3 Nf6 3. e5 Nd5 4. Nc3 Nc7 5. d4 cxd4 6. Nxd4 Nc6 7. Nxc6 bxc6 8. Bf4 g6 9. Bc4 Bg7 10. h4 0-0 11. h5 Ne6 12. Bxe6 fxe6 13. Qd2 Qa5 14. 0-0-0 Rb8 15. a3 Rxb2 16. hxg6 Ba6 17. Qxd7 Bc4 18. Kxb2 Rb8+ 19. Kc1 Qxa3+ 20. Kd2 Qc5 21. gxh7+ Kh8 22. Ne4 Qb4+ 23. Ke3 Bd5 24. f3 Qb6+ 25. Ke2 Rd8 26. Ng5 Qb5+ 27. Kf2 Rf8 28. Qxe7 Rxf4 29. Qe8+ Bf8 30. Nf7+ Rxf7 31. Qxf7 1-0

[Event "EU-ch U12 28th"]
[Site "Riga"]
[Date "2018.08.24"]
[Round "5"]
[White "Mekhane, Adam"]
[Black "Musso, Alessio"]
[Result "0-1"]
[WhiteElo "2008"]
[BlackElo "1773"]
[PlyCount "116"]
[EventDate "2018.08.20"]
[EventType "swiss"]
[EventRounds "9"]
[EventCountry "LAT"]
[SourceTitle "CBM 186 Extra"]
[Source "ChessBase"]
[SourceDate "2018.08.24"]
[SourceVersion "1"]
[SourceVersionDate "2018.08.24"]
[SourceQuality "1"]

1. e4 c5 2. Nf3 e6 3. d4 cxd4 4. Nxd4 Nf6 5. Nc3 Bb4 6. e5 Nd5 7. Bd2 Bxc3 8. bxc3 d6 9. Bb5+ Bd7 10. exd6 Bxb5 11. Nxb5 a6 12. c4 axb5 13. cxd5 Qxd6 14. Bc3 0-0 15. Rb1 Ra4 16. 0-0 Qxd5 17. Qxd5 exd5 18. a3 Rg4 19. Bb4 Re8 20. Rfe1 Re6 21. Rbd1 d4 22. c3 Nc6 23. cxd4 Nxb4 24. axb4 Rxd4 25. Rc1 Rc4 26. Ra1 Rxe1+ 27. Rxe1 Kf8 28. Rb1 Ke7 29. g3 Kd6 30. Kf1 Kd5 31. Ke2 Rc2+ 32. Ke3 Kc4 33. h4 Rc3+ 34. Kf4 Rb3 35. Re1 Kxb4 36. Re7 Rc3 37. Rxf7 Rc4+ 38. Kg5 Rc5+ 39. Kf4 Kc3 40. Rxg7 b4 41. Rxh7 b5 42. Re7 b3 43. Re1 b2 44. g4 Kd2 45. Rb1 Kc2 46. Rxb2+ Kxb2 47. h5 Ka3 48. h6 Rc1 49. g5 Rh1 50. Kf5 b4 51. g6 Rh5+ 52. Kf6 Rxh6 53. f4 b3 54. f5 b2 55. Kg7 Rh1 56. f6 b1Q 57. Kf7 Rh6 58. g7 Qg6+ 0-1